[Event "TUN-ch sf"]
[Site "Monastir"]
[Date "2024.03.23"]
[Round "5"]
[White "Nouira, Najeh"]
[Black "Mezni, Elyes"]
[Result "1/2-1/2"]
[WhiteElo "1942"]
[BlackElo "1829"]
[PlyCount "183"]
[EventDate "2024.03.21"]
[EventType "swiss"]
[EventRounds "9"]
[EventCountry "TUN"]
[SourceTitle "CB15_2024"]
[SourceDate "2024.04.10"]
[SourceVersion "1"]
[SourceVersionDate "2024.04.10"]
[SourceQuality "1"]

1. e4 c5 2. Nf3 e6 3. d4 cxd4 4. Nxd4 Nc6 5. Nxc6 bxc6 6. Bd3 Nf6 7. 0-0 e5 8. f4 exf4 9. Bxf4 Bc5+ 10. Kh1 d6 11. Bg5 Bd4 12. c3 Be5 13. Nd2 h6 14. Bxf6 Bxf6 15. Qh5 Be6 16. Bc4 Qd7 17. Rae1 Rb8 18. Bb3 Rb5 19. Qe2 0-0 20. Nc4 Rg5 21. Nd2 Rb8 22. Bxe6 Qxe6 23. Nf3 Rgb5 24. b3 Bxc3 25. Rc1 Rc5 26. Qd3 Bb4 27. Nd4 Qd7 28. Nf5 Rxc1 29. Rxc1 Kh8 30. Rd1 Bc5 31. Nxd6 Bxd6 32. Qxd6 Qb7 33. Qd7 Kg8 34. Qxb7 Rxb7 35. Rd8+ Kh7 36. Rc8 Re7 37. Rxc6 Rxe4 38. h3 Re7 39. b4 Re4 40. a3 Re7 41. b5 Re5 42. a4 Re4 43. Ra6 Re7 44. Kh2 f6 45. h4 Kg6 46. Kh3 Kf5 47. Rc6 Rb7 48. Rc5+ Ke4 49. h5 Kd4 50. Rc6 Ke5 51. Kg4 Rd7 52. Ra6 Ke4 53. g3 Rc7 54. Rc6 Re7 55. Rc1 Kd3 56. a5 Re5 57. Rc7 Rxb5 58. Rxa7 Rg5+ 59. Kh4 Kc4 60. Rb7 Kc5 61. a6 Kc6 62. Rf7 Ra5 63. a7 Ra4+ 64. Kh3 Kd6 65. Rxg7 Ke6 66. g4 Ke5 67. Rb7 Ra3+ 68. Kh4 Kf4 69. Rb5 Rxa7 70. Rf5+ Ke4 71. Rxf6 Rh7 72. g5 Ke5 73. Rg6 hxg5+ 74. Kxg5 Ra7 75. Rb6 Ra1 76. Kh6 Kf5 77. Rg6 Rh1 78. Rg2 Kf6 79. Rf2+ Ke7 80. Kg6 Rg1+ 81. Kh7 Rh1 82. h6 Ra1 83. Kh8 Rh1 84. Kh7 Ra1 85. Kh8 Rh1 86. Kh7 Rh3 87. Rf5 Ke6 88. Rf4 Rh1 89. Kg7 Rg1+ 90. Kf8 Rh1 91. Ra4 Rf1+ 92. Kg7 1/2-1/2

[Event "TUN-ch sf"]
[Site "Monastir"]
[Date "2024.03.23"]
[Round "4"]
[White "Tritar, Kamel"]
[Black "Mezni, Elyes"]
[Result "1/2-1/2"]
[WhiteElo "1878"]
[BlackElo "1829"]
[PlyCount "61"]
[EventDate "2024.03.21"]
[EventType "swiss"]
[EventRounds "9"]
[EventCountry "TUN"]
[SourceTitle "CB15_2024"]
[SourceDate "2024.04.10"]
[SourceVersion "1"]
[SourceVersionDate "2024.04.10"]
[SourceQuality "1"]

1. e4 c5 2. d4 cxd4 3. c3 d3 4. Bxd3 Nc6 5. Nf3 d6 6. h3 Nf6 7. Nbd2 Qc7 8. Nb3 a6 9. 0-0 e6 10. Bf4 Ne5 11. Nxe5 dxe5 12. Be3 Bd6 13. Qe2 Bd7 14. f3 Nh5 15. Qf2 Nf4 16. Bc2 a5 17. a4 Ra6 18. Nc5 Rc6 19. Nxd7 Qxd7 20. Kh2 0-0 21. g3 Ng6 22. Bd3 Rcc8 23. Bb5 Qe7 24. Rad1 Rcd8 25. h4 h6 26. Bb6 Bc7 27. Bc5 Bd6 28. Be3 f5 29. Bb6 Bc7 30. Bc5 Bd6 31. Bb6 1/2-1/2

[Event "Le Kram BICA Rapid op 1st"]
[Site "Le Kram"]
[Date "2022.11.27"]
[Round "2"]
[White "Bouaziz, Mehdi"]
[Black "Mezni, Elyes"]
[Result "1-0"]
[WhiteElo "2197"]
[BlackElo "1458"]
[PlyCount "37"]
[EventDate "2022.11.27"]
[EventType "swiss (rapid)"]
[EventRounds "9"]
[EventCountry "TUN"]
[SourceTitle "CBM 211 Extra"]
[Source "ChessBase"]
[SourceDate "2023.01.31"]
[SourceVersion "1"]
[SourceVersionDate "2023.01.31"]
[SourceQuality "1"]

1. d4 Nf6 2. Nf3 e6 3. e3 d5 4. Bd3 c5 5. b3 Nc6 6. Bb2 a6 7. a3 b5 8. dxc5 Bxc5 9. Nbd2 d4 10. Ne4 Bb6 11. exd4 Nd5 12. Qd2 h6 13. 0-0 0-0 14. c4 bxc4 15. bxc4 Nde7 16. Ng3 Na5 17. d5 exd5 18. Bxg7 Kxg7 19. Nh5+ 1-0

[Event "Wch U12"]
[Site "Batumi"]
[Date "2022.09.25"]
[Round "9"]
[White "Cumacenko, Joris"]
[Black "Mezni, Elyes"]
[Result "0-1"]
[WhiteElo "1145"]
[BlackElo "1402"]
[PlyCount "48"]
[EventDate "2022.09.16"]
[EventType "swiss"]
[EventRounds "11"]
[EventCountry "GEO"]
[SourceTitle "EXT 2023"]
[Source "ChessBase"]
[SourceDate "2022.10.05"]
[SourceVersion "1"]
[SourceVersionDate "2022.10.05"]
[SourceQuality "1"]

1. e4 c5 2. Nf3 e6 3. g3 d5 4. exd5 exd5 5. d4 Nf6 6. Bg2 Be7 7. 0-0 0-0 8. dxc5 Bxc5 9. Nbd2 Bg4 10. Nb3 Bb6 11. Bg5 Nbd7 12. c3 Ne5 13. h3 Nxf3+ 14. Bxf3 Bxh3 15. Re1 Be6 16. Qc2 h6 17. Bf4 Rc8 18. Be5 Ng4 19. Bxg4 Bxg4 20. Kg2 Qg5 21. Bf4 Qh5 22. Nd4 Qh3+ 23. Kg1 f6 24. Bd6 Bxd4 0-1

[Event "Wch U12"]
[Site "Batumi"]
[Date "2022.09.23"]
[Round "7"]
[White "Vasadze, Alexandre"]
[Black "Mezni, Elyes"]
[Result "0-1"]
[WhiteElo "1485"]
[BlackElo "1402"]
[PlyCount "56"]
[EventDate "2022.09.16"]
[EventType "swiss"]
[EventRounds "11"]
[EventCountry "GEO"]
[SourceTitle "EXT 2023"]
[Source "ChessBase"]
[SourceDate "2022.10.05"]
[SourceVersion "1"]
[SourceVersionDate "2022.10.05"]
[SourceQuality "1"]

1. e4 c5 2. Nf3 e6 3. c3 Nf6 4. e5 Nd5 5. d4 cxd4 6. cxd4 d6 7. g3 Bd7 8. Bg2 Bb5 9. Nc3 Nxc3 10. bxc3 d5 11. Nd2 Nc6 12. Qb3 Ba6 13. Bb2 Qd7 14. a4 Na5 15. Qc2 Rc8 16. Nb3 Bb4 17. Bf1 Bxf1 18. Kxf1 Qc6 19. Nxa5 Bxa5 20. Rc1 Qc4+ 21. Kg2 0-0 22. f4 Rc6 23. Rhf1 Rfc8 24. Rf3 Qxd4 25. Qd1 Qxd1 26. Rxd1 Bxc3 27. Bxc3 Rxc3 28. Rxc3 Rxc3 0-1

[Event "Sousse BICA U16 op 1st"]
[Site "Sousse"]
[Date "2021.12.20"]
[Round "5"]
[White "Mefteh, Meyssem"]
[Black "Mezni, Elyes"]
[Result "0-1"]
[WhiteElo "1225"]
[BlackElo "1422"]
[PlyCount "80"]
[EventDate "2021.12.18"]
[EventType "swiss"]
[EventRounds "9"]
[EventCountry "TUN"]
[SourceTitle "CBM 205 Extra"]
[Source "ChessBase"]
[SourceDate "2022.01.31"]
[SourceVersion "1"]
[SourceVersionDate "2022.01.31"]
[SourceQuality "1"]

1. e4 c5 2. Nf3 e6 3. d4 cxd4 4. Nxd4 Nc6 5. Nb5 d6 6. Bf4 e5 7. Be3 Nf6 8. N1c3 a6 9. Na3 b5 10. Nd5 Rb8 11. c4 b4 12. Nc2 Nxe4 13. Qf3 Nc5 14. Nf6+ Qxf6 15. Qxc6+ Bd7 16. Qc7 Qd8 17. Qxd8+ Kxd8 18. Be2 Bf5 19. Bxc5 Bxc2 20. Rc1 Be4 21. f3 Bf5 22. Rd1 Kc7 23. Be3 Be7 24. 0-0 Be6 25. b3 f5 26. Rd2 a5 27. g3 g5 28. Kh1 h5 29. f4 g4 30. Rfd1 h4 31. Kg2 hxg3 32. hxg3 Bd7 33. Bf1 Bc6+ 34. Kf2 Rh2+ 35. Kg1 Rh1+ 36. Kf2 Rbh8 37. Ke1 R8h3 38. Kf2 Rxg3 39. Re2 Rf3+ 40. Ke1 Rfxf1+ 0-1